[Event "12e Tournoi de Noël"]
[Site "Montigny le Bretonneux"]
[Date "2009.12.31"]
[Round "7.21"]
[White "Miolane, Tom"]
[Black "Mongey, Kilian"]
[Result "1/2-1/2"]
[WhiteElo "1340"]
[BlackElo "1670"]
[Annotator "Rivier,Sylvain"]
[PlyCount "81"]

{Défense est-indienne} 1. d4 Nf6 2. c4 g6 3. Nc3 d6 4. Nf3 Bg7 5. e3 O-O 6. Bd3
Nbd7 7. O-O c5 8. Re1 b6 9. Qc2 Bb7 10. Bd2 Bxf3 11. gxf3 Nh5 12. Ne2 e6 13.
Bc3 cxd4 14. exd4 Qg5+ 15. Ng3 Nxg3 16. fxg3 d5 17. f4 Qd8 18. b3 Re8 19. Re3
Nf6 20. Rae1 Qd7 21. a4 a6 22. h3 Bh6 23. b4 Reb8 24. Ba1 Qc8 25. Rb1 b5 26. c5
Qc6 27. a5 Nd7 28. h4 Re8 29. Bc3 Bg7 30. g4 Qc7 31. Rf1 Bh6 32. g5 Bg7 33. Kg2
Nb8 34. Kg3 Nc6 35. Rfe1 {#} Bxd4 36. Bxd4 Nxd4 37. Qc3 Nf5+ 38. Bxf5 gxf5 39.
Qd4 Rac8 40. Rc3 Qc6 41. h5 1/2-1/2

[Event "12e Tournoi de Noël"]
[Site "Montigny le Bretonneux"]
[Date "2009.12.31"]
[Round "7.22"]
[White "Bouloc, Roger"]
[Black "Brisson, Michele"]
[Result "0-1"]
[WhiteElo "1460"]
[BlackElo "1290"]
[Annotator "Rivier,Sylvain"]
[PlyCount "94"]

{Gambit du roi} 1. e4 e5 2. f4 d6 3. Nc3 Nf6 4. Nf3 Bg4 5. f5 Nc6 6. Bb5 d5 7.
d3 Bb4 {#} 8. Bg5 d4 9. Qd2 Bxf3 10. gxf3 dxc3 11. bxc3 Bc5 12. h4 h6 13. Bxf6
Qxf6 14. d4 exd4 15. cxd4 Qxd4 16. Qxd4 Bxd4 17. Rd1 Rd8 18. a4 O-O 19. Ke2 Ne5
20. Rc1 c6 21. Bd3 Rd6 22. Rb1 Bb6 23. a5 Bxa5 24. Rxb7 Bb6 25. h5 Rd7 26. Rxd7
Nxd7 27. Rc1 Nf6 28. Rh1 Ra8 29. Ba6 Rb8 30. f4 Nxe4 31. Kf3 Nf6 32. Ke2 Bc7
33. Kf3 Rb6 34. Bd3 a5 35. Bc4 Rb4 36. Ba2 Rxf4+ 37. Ke3 Rxf5 38. Kd3 Rxh5 39.
Rxh5 Nxh5 40. Kc4 Nf4 41. Kd4 h5 42. Ke3 g5 43. Kf3 h4 44. Kg4 h3 45. Kg3 g4
46. Bc4 Nd5+ 47. Kf2 g3+ 0-1